01346nab a22002177a 4500003000400000005001700004008004100021040000700062100001600069245008600085260007200171300001300243505053000256505008900786650001800875650003700893650002400930650002200954650003300976773011901009OSt20260121193345.0190502c xxu||||| |||| 00| 0 spa d cPJ aPorta, Elsa13aLas personas privadas de la libertad y el derecho de agremiación /cElsa Porta. aCiudad Autónoma de Buenos Aires :bThomson Reuters La Ley,c2024. ap. 55-69 aSumario: I. Antecedentes del caso.— II. Situación de procesados y condenados.— III. El derecho al trabajo de los sujetos privados de libertad.— IV. Legislación aplicable al trabajo en contexto de encierro.— V. Las personas privadas de la libertad que trabajan y los derechos emergentes de la libertad sindical.— VI. La resolución administrativa.— VII. La inscripción gremial solicitada.— VIII. Vulnerabilidad de las personas que trabajan en la prisión.— IX. Reinserción social de los condenados.  t¿Te interesa el texto completo? Solicitalo al correo: koha@justierradelfuego.gov.ar 0aDERECHO PENAL 0aPERSONAS PRIVADAS DE LA LIBERTAD 0aDERECHOS SINDICALES 0aLIBERTAD SINDICAL 0aREADAPTACIÓN DEL CONDENADO0 02729dBuenos Aires : LexisNexis, 2006-tRevista de derecho penal y procesal penal. Nº 7 - Julio 2024z9875920622